000 01272nam a2200337 i 4500
003 EG-GICUC
005 20260121101144.0
008 251104s1985 ua ||||fr|||| 000 0 ara d
017 _a853526
040 _a EG-GICUC
_bara
_c EG-GICUC
_d EG-GICUC
_erda
041 0 _aara
082 0 4 _221
_a256.4
_bم ح . خ
092 0 4 _221
099 _aLaw1 01 256.4 م ح . خ 1985
100 0 _aمحمد ضياء الدين الريس
_eمؤلف.
245 1 2 _aالخراج و النظم المالية للدولة الإسلامية /
_cتأليف الدكتور محمد ضياء الدين الريس.
250 _aالطبعة الخامسة
264 1 _aالقاهرة :
_bدار التراث،
_c1985.
300 _a534 صفحة :
_bصفحات غير مرقمة ؛
_c24 سم.
336 _2rda content
_atext
337 _2rda media
_aComputer
338 _2rda carrier
_aOnline Resource
504 _a ببليوجرافيا صفحات : 526-517
504 _aيشتمل على إرجاعات ببليوجرافية.
546 _aالنص باللغة العربية
650 1 _a العشر والخراج
_2qrmak
651 1 _2qrmak
856 4 0 _uhttps://fll.law.cu.edu.eg/fulltext/bks/B01-03154.pdf
905 _aOmar
942 _2ddc
_n0
_cBK
_e21
999 _c40945
_d40945